000
00228nam a2200097Ia 4500
001
853307
005
20250826174530.0
008
250824s9999 xx 000 0 und d
245
0
_a
OBJEART
_c
RESUL ERTAŞ
260
_b
CEZVE YAYINLARI
999
_c
853307
_d
853307